00532 2200169 4500245003800000020001800038250001100056100001500067650002600082005001900108260004200127041001400169084001100183500011700194490004200311336000900353 aSpeed and PowercNurhasanahhText a0-8094-5704-0 aCet. 1 aNurhasanah aEnsiklopedia Komputer a20231031132850 bEnsiklopedia Nasional Indonesiac2012 aIndonesia a004.03 aDaftar Isi : Mengejar Kekuasaan, Jenius dari Chippewa Falls, Alternatif untuk Super Komputer, Glosarium, Indeks. aSeri Informasi Komputer dan Teknologi atext